Friends Nostalgia (Season 1) Quiz Stats

 Plays Quiz Updated Feb 17, 2015

Score 0/23 Timer 09:00
4 Plays Today
% Correct
Gets
93.3%
Twice
93.2%
George
92.8%
Blackout
92.6%
Bing
92.6%
Hearts
92.4%
Boobies
92%
Rachel
92%
German
91.1%
Birth
90.7%
Butt
90.2%
Poker
90.1%
% Correct
Pilot
89.9%
Ick
89%
Two
88.4%
Stoned
87.9%
Thumb
87.8%
Away
87.6%
Monkey
87.3%
Orthodontist
86.6%
Sonogram
86.2%
Monica
77.7%
Dozen
75%

You're not logged in!

Compare scores with friends on all Sporcle quizzes.
Join for Free
OR
Log In

You Might Also Like...

Show Comments

Extras

Top Quizzes Today


Score Distribution

Your Account Isn't Verified!

In order to create a playlist on Sporcle, you need to verify the email address you used during registration. Go to your Sporcle Settings to finish the process.

Report this User

Report this user for behavior that violates our Community Guidelines.

Details: